00801nam a2200253 a 4500001001000000003001700010005001700027008004100044010001500085020001500100035003000115040003100145050002100176060001700197082001600214100002300230245009600253260003400349300001600383500001900399504004000418650005300458830003600511010751023ALUPE UNIVERSITY20220325100329.0500101s1991 enk b 001 0 eng d aLC 90-2226 a0750610336 aOCLC 21762873 from jmbo25 aDNLM/DLCcALUPE UNIVERSITY 0aRE545b.G74 1990 0aWW 270 G844v a617.7/32201 aGrey, Rodney H. B.10aVascular disorders of the ocular fundus :ba colour manual of diagnosis /cRodney H.B. Grey aLondon :bButterworths,c1991 aviii, 118 p aIncludes index aIncludes bibliographical references 0aFundus oculixBlood-vesselsxDiseasesxDiagnosis 0aColour manuals in ophthalmology